| 000 | 01857nam a2200385Ia 4500 | ||
|---|---|---|---|
| 001 | dia_3786 | ||
| 003 | CHAP | ||
| 005 | 20240229135208.0 | ||
| 007 | ta | ||
| 008 | 220117s2006 mx abdofr 001 0 spa d | ||
| 040 |
_cCHAP _amxchpua |
||
| 090 |
_aT.C.426 _bP47 IAI _c2006 |
||
| 245 | 1 | 0 |
_aReporte de viaje de estudios a Tehuacán, Puebla / _ccoordinador Fernando Pérez Pelayo ; colaboradora María Dolores Ramírez Villa |
| 260 |
_aMéxico : _bEl autor, _c2006 |
||
| 300 |
_a38 hojas : _bilustraciones, mapas, gráficas, diagramas, tablas, fotos |
||
| 336 |
_2rdacontent _atexto _btxt |
||
| 337 |
_2rdamedia _asin medio _bn |
||
| 338 |
_2rdacarrier _avolumen _bnc |
||
| 500 | _a5° año Grupo 1 | ||
| 502 |
_aViaje de Estudios _b(IAI) -- _cUACh. Departamento de Ingeniería Agroindustrial, _d2006 |
||
| 504 | _aBibliografía: hoja 38 | ||
| 505 | _tEmpresas visitadas: -- 1. Productos Agropecuarios Beristain, S. A. de C. V. (PABSA) -- 2. Secretaría de Desarrollo Económico (SEDECO) -- 3. FIRA -- 4. Mueganos El aguila real, S. de R. L. MI -- 5. Servicio de Protección Integral Comunitario Juvenil, A. C. (SEPICJ) -- 6. Reserva de Tehuacán - Cuicatlán -- 7. Alternativas y Procesos de Participación Social, A. C. -- 8. Quesos La Magdalena -- 9. Rastro municipal | ||
| 650 | 1 | 3 |
_aIndustria agrícola _9154214 _zMéxico _zPuebla |
| 650 | 1 | 3 |
_aIndustria de los alimentos _9152912 _zMéxico _zPuebla |
| 650 | 1 | 3 |
_aAgricultural industry _9154209 _zMexico _zPuebla |
| 650 | 1 | 3 |
_aFood industry _9152910 _zMexico _zPuebla |
| 700 | 1 |
_aPérez Pelayo, Fernando _9147691 _ecoordinador |
|
| 700 | 1 |
_aRamírez Villa, María Dolores _994332 _ecolaboradora |
|
| 901 | _aT.C.426 P47 IAI 2006 | ||
| 902 | _aM | ||
| 905 | _a5232272006 mx db 8223123322spa16 | ||
| 942 | _2local | ||
| 942 | _cVE | ||
| 999 |
_c174378 _d174378 |
||